000 00384 a2200145 4500
001 154035
040 _cEscola São Tomás de Aquino
100 _aANDRADE, Carlos Drummond de
240 1 0 _aO poder ultrajovem e mais 79 textos
_lpor
245 1 0 _aO poder ultrajovem e mais 79 textos
362 0 _a1999
440 1 _aRecord
697 _aCRÔNICA, CONTO, NOVELA,CARTAS
942 _cBK
999 _c154035
_d154035